Olivia Rodrigo or Sabrina Carpenter Song - Statistics

General Stats
  • This quiz has been taken 229 times
  • The average score is 9 of 10
Answer Stats
Hint Answer % Correct
Deja Vu Olivia Rodrigo
99%
Hope Ur Ok Olivia Rodrigo
96%
Manchild Sabrina Carpenter
96%
Taste Sabrina Carpenter
95%
Get Him Back! Olivia Rodrigo
94%
Lacy Olivia Rodrigo
94%
Skin Sabrina Carpenter
92%
The Grudge Olivia Rodrigo
89%
Goodbye Sabrina Carpenter
89%
Paris Sabrina Carpenter
84%
No matching quizzes found
Score Distribution
Percent of People with Each Score
Percentile by Number Answered
Your Score History
You have not taken this quiz